[Event "Toronto NAYCC U16 Girls"]
[Site "Toronto"]
[Date "2013.08.18"]
[Round "9"]
[White "Sametova, Zhanna"]
[Black "Wang, Joie"]
[Result "1/2-1/2"]
[WhiteElo "1821"]
[BlackElo "1819"]
[PlyCount "130"]
[EventDate "2013.08.14"]
[EventType "swiss"]
[EventRounds "9"]
[EventCountry "CAN"]
[SourceTitle "EXT 2022"]
[Source "ChessBase"]
[SourceDate "2021.10.06"]
[SourceVersion "1"]
[SourceVersionDate "2021.10.06"]
[SourceQuality "1"]

1. e4 c5 2. Nf3 Nc6 3. d4 cxd4 4. Nxd4 Nf6 5. Nc3 d6 6. Bg5 e6 7. f4 Be7 8. Qd3 0-0 9. 0-0-0 Nxd4 10. Qxd4 Qa5 11. Bd3 Rd8 12. Qe3 Ng4 13. Qg3 Bxg5 14. Qxg4 Bf6 15. e5 dxe5 16. Ne4 Be7 17. Qh5 h6 18. fxe5 Qxa2 19. Rhf1 Qa1+ 20. Kd2 Qa5+ 21. Ke2 Rf8 22. Rf3 f6 23. Rdf1 Qxe5 24. Qxe5 fxe5 25. Rxf8+ Bxf8 26. Bc4 Bd7 27. Rd1 Rc8 28. Bb3 Rc7 29. Rxd7 Rxd7 30. Bxe6+ Rf7 31. Bxf7+ Kxf7 32. Kf3 Ke6 33. c4 b6 34. Ke3 Bc5+ 35. Kd3 a5 36. b3 Bd4 37. g4 g6 38. h3 h5 39. Kc2 hxg4 40. hxg4 Kd7 41. Kd3 Kc6 42. Kc2 b5 43. Kd3 a4 44. cxb5+ Kxb5 45. bxa4+ Kxa4 46. Nd2 Kb5 47. Nf3 Kc5 48. Ke4 Kd6 49. Nh4 g5 50. Nf3 Bb2 51. Nxg5 Ke7 52. Kf5 Bc1 53. Nf3 e4 54. Kxe4 Kf6 55. Ne5 Kg5 56. Kf3 Bb2 57. Nd3 Ba1 58. Nc5 Bb2 59. Ne4+ Kg6 60. Kf4 Bc1+ 61. Ke5 Bg5 62. Ke6 Bc1 63. Ke5 Bg5 64. Nf2 Bc1 65. Nh3 Bd2 1/2-1/2

[Event "Toronto NAYCC U16 Girls"]
[Site "Toronto"]
[Date "2013.08.16"]
[Round "5"]
[White "Zhang, Manxuan"]
[Black "Wang, Joie"]
[Result "1/2-1/2"]
[WhiteElo "1147"]
[BlackElo "1819"]
[PlyCount "76"]
[EventDate "2013.08.14"]
[EventType "swiss"]
[EventRounds "9"]
[EventCountry "CAN"]
[SourceTitle "EXT 2022"]
[Source "ChessBase"]
[SourceDate "2021.10.06"]
[SourceVersion "1"]
[SourceVersionDate "2021.10.06"]
[SourceQuality "1"]

1. e4 c5 2. Nc3 Nc6 3. f4 g6 4. Nf3 Bg7 5. Bc4 e6 6. e5 Nge7 7. 0-0 0-0 8. Qe1 a6 9. a4 Nb4 10. Qd1 d5 11. exd6 Nf5 12. d3 Nxd6 13. Bb3 b6 14. Ne2 Nf5 15. Rb1 Bb7 16. Bd2 Nd5 17. Qe1 Nfe3 18. Rf2 Ng4 19. Rf1 Nde3 20. Bxe3 Nxe3 21. Rf2 Qc7 22. Qd2 Nd5 23. c3 Rad8 24. Ng5 h6 25. Ne4 Nf6 26. Nxf6+ Bxf6 27. Qe3 Bh4 28. Rff1 Qc6 29. Rf3 h5 30. Bc2 c4 31. d4 Qc7 32. Rh3 Qe7 33. f5 exf5 34. Qxe7 Bxe7 35. Re1 Bg5 36. Bxf5 Bd2 37. Rd1 Bxc3 38. bxc3 gxf5 1/2-1/2